000 00369nam a22001577a 4500
003 JO-AjAnu
005 20241019092216.0
008 241016b jo ||||| |||| 00| 0 ara d
040 _cJO-AjAnu
041 _aENG
245 1 _aEXPERIENCE FASHION STORES
260 _aHONG KONG
_bSENDPOINTS
300 _a319 pages
650 7 0 _aDESIGNS
_966249
942 _2lcc
_cBK
_n0
999 _c33729
_d33729